01117nas a2200277Ia 4500001001300000003001000013008004100023040002500064041001300089100002100102210003100123222003100154245010000185250001100285260001600296501012300312300001300435362001600448500012500464650002100589700001100610942000700621957000600628999003300634952017200667dp4/9-44368 IT-MiCISF161014c99999999xx |||||||||||| ||und|| aIT-MiCISFcIT-MiCISF aITALIANO aAnfossi Giuseppe aAosta-Bollettino diocesano aAosta-Bollettino diocesano 0aCamminava con loro... (LC 24, 15)bLettera del Vescovo all'inizio dell'Anno pastorale 2007-2008 a1a ed. aAostac2007 bCISF - Centro Internazionale Studi Famiglia - Via Giotto, 36 20145 MILANO (non commercial uses only)cCopyright 2016 app. 3-21 an. 3 [2007] aTema: pastorale-giovanile, educazione-religiosa, vocazione, educazione-familiare - Diocesi di Aosta-Bollettino diocesano apastoralevvario aAA.VV. cCR 71 a44368bSig1c236529d236529 0010406DP_4_000000000000000_94436871aCISFbCISFd2016-10-14l0odp4/9-44368 r2016-10-14 00:00:00w2016-10-14yCRzData import 15.10.2016 / by Epidotti, Vaglietti